Statistics for Biggest Cities in Ukraine on a Map

Click here to take the quiz!

General Stats

  • This quiz has been taken 282 times
  • The average score is 8 of 10

Answers on the Map

Answers color-coded by a green-red scale on the quiz's map according to % correct below.
 

Answer Stats

PopulationCity% Correct
2,967,360Kiev
100%
1,017,699Odessa
98%
1,443,207Kharkiv
96%
908,456Donetsk
95%
724,314Lviv
94%
990,724Dnipro
90%
436,569Mariupol
71%
731,922Zaporizhia
67%
480,080Mykolaiv
55%
619,278Kryvyi Rih
52%

Score Distribution

Percentile by Number Answered

Percent of People with Each Score

Your Score History

You have not taken this quiz